| 000 | 00818cam a2200265 a 4500 | ||
|---|---|---|---|
| 001 | 12971926 | ||
| 005 | 20240325042453.0 | ||
| 008 | 021018s2002 at a b 001 0 eng d | ||
| 020 | _a1876756241 (pbk.) | ||
| 040 |
_aYQU _cYQU _dDLC |
||
| 082 |
_222 _a324.3 _bWIL. |
||
| 100 | 1 | _aHawthorne, Susan, | |
| 245 | 1 | 0 |
_aWild politics : _bfeminism, globalization, bio diversity _cSusan Hawthorne. |
| 260 |
_aNorth Melbourne, Vic. : _bSpinifex, _c2002. |
||
| 300 | _axv, 462 p. : | ||
| 500 | _aIncludes index. | ||
| 650 | 0 | _aFeminist theory. | |
| 650 | 0 | _aFeminist economics. | |
| 650 | 0 | _aEcofeminism. | |
| 650 | 0 | _aGlobalization. | |
| 650 | 0 | _aBiodiversity. | |
| 856 | 4 | 2 | _uhttp://www.loc.gov/catdir/bios/ipg051/2002491292.html |
| 856 | 4 | 2 | _uhttp://www.loc.gov/catdir/description/ipg051/2002491292.html |
| 942 | _cL | ||
| 999 |
_c609 _d609 |
||